<?xml version="1.0" encoding="UTF-8"?>
<record
    xmlns:xsi="http://www.w3.org/2001/XMLSchema-instance"
    xsi:schemaLocation="http://www.loc.gov/MARC21/slim http://www.loc.gov/standards/marcxml/schema/MARC21slim.xsd"
    xmlns="http://www.loc.gov/MARC21/slim">

  <leader>00764nam a2200169Ia 4500</leader>
  <controlfield tag="008">180921t2018    xxu||||| |||| 00| 0 sin d</controlfield>
  <datafield tag="041" ind1=" " ind2=" ">
    <subfield code="a">sin</subfield>
  </datafield>
  <datafield tag="080" ind1=" " ind2=" ">
    <subfield code="a">294.3</subfield>
    <subfield code="b">&#xDAF;&#xDC3;&#xDDC;&#xDBA;&#xDD2;</subfield>
  </datafield>
  <datafield tag="100" ind1=" " ind2=" ">
    <subfield code="a">&#xDAF; &#xDC3;&#xDDC;&#xDBA;&#xDD2;&#xDC3;&#xDCF;, &#xDB1;&#xDC0;&#xDD3;&#xDB1;&#xDCA;&#xDAF;&#xDCA;&#x200D;&#xDBB;</subfield>
  </datafield>
  <datafield tag="245" ind1=" " ind2=" ">
    <subfield code="a">&#xDB0;&#xDB8;&#xDCA;&#xDB8;&#xDA0;&#xDBB;&#xDAB;: &#xD9A;&#xDD2;&#xDBB;&#xDD2;&#xDB3;&#xDD2;&#xD9C;&#xDBD;&#xDCA;&#xDBD;&#xDDA; &#xDB0;&#xDB8;&#xDCA;&#xDB8;&#xDBB;&#xDAD;&#xDB1; &#xDB1;&#xDCF;&#xDC4;&#xDD2;&#xDB8;&#xDD2;&#xDB4;&#xDCF;&#xDAB;&#xDB1;&#xDCA; &#xDC0;&#xDC4;&#xDB1;&#xDCA;&#xDC3;&#xDDA;&#xD9C;&#xDDA; &#xD8B;&#xDAD;&#xDD4;&#xDBB;&#xDD4; &#xDBA;&#xDD4;&#xDBB;&#xDDD;&#xDB4;&#xDBA;&#xDDA; &#xDB0;&#xDBB;&#xDCA;&#xDB8;&#xDAF;&#xDD6;&#xDAD; &#xDB8;&#xDD9;&#xDC4;&#xDD9;&#xDC0;&#xDBB;</subfield>
  </datafield>
  <datafield tag="246" ind1=" " ind2=" ">
    <subfield code="a">Dhammacharana: kirindigalle dammarathana nahimipanan wahansege uthuru yuropaye dharmadutha mehewara</subfield>
  </datafield>
  <datafield tag="260" ind1=" " ind2=" ">
    <subfield code="b">&#xD9C;&#xDDC;&#xDA9;&#xD9C;&#xDDA;</subfield>
    <subfield code="a">&#xD9A;&#xDDC;&#xDC5;&#xDB9;</subfield>
    <subfield code="c">2018</subfield>
  </datafield>
  <datafield tag="300" ind1=" " ind2=" ">
    <subfield code="b">&#xDB4;&#xDD2;.180, &#xDC3;&#xDD9;.&#xDB8;&#xDD3;.21</subfield>
  </datafield>
  <datafield tag="942" ind1=" " ind2=" ">
    <subfield code="c">BK</subfield>
  </datafield>
  <datafield tag="952" ind1=" " ind2=" ">
    <subfield code="0">0</subfield>
    <subfield code="1">0</subfield>
    <subfield code="4">0</subfield>
    <subfield code="7">0</subfield>
    <subfield code="8">MONO</subfield>
    <subfield code="a">MAIN</subfield>
    <subfield code="b">MAIN</subfield>
    <subfield code="d">2022-03-22</subfield>
    <subfield code="o">294.3 &#xDAF;&#xDC3;&#xDDC;&#xDBA;&#xDD2;</subfield>
    <subfield code="p">168878</subfield>
    <subfield code="r">2023-06-01</subfield>
    <subfield code="w">2023-06-01</subfield>
    <subfield code="y">BK</subfield>
  </datafield>
  <datafield tag="999" ind1=" " ind2=" ">
    <subfield code="c">7060</subfield>
    <subfield code="d">7060</subfield>
  </datafield>
  <controlfield tag="003">LK-CoDNM</controlfield>
  <datafield tag="040" ind1=" " ind2=" ">
    <subfield code="a">LK-CoDNM</subfield>
    <subfield code="d">LK-CoDNM</subfield>
    <subfield code="e">LK-CoDNM</subfield>
  </datafield>
</record>
